| 000 | 00914nam a2200241 i 4500 | ||
|---|---|---|---|
| 001 | 11189 | ||
| 003 | ES-MaACL | ||
| 005 | 20250524063043.0 | ||
| 007 | t| | ||
| 008 | 960215m19951997sp ||||1| spa d | ||
| 020 | _a84-7676-316-6 | ||
| 080 | _a347.235.11(460)(075.8) | ||
| 100 | 1 |
_aRoca Sastre, Ramón María, _d1899-1979 _998011 |
|
| 245 | 1 | 0 |
_aDerecho hipotecario / _cRamón Mª Roca Sastre, Luis Roca-Sastre Muncunill. |
| 250 | _a8ª ed. ampl. y puesta al día. | ||
| 260 |
_aBarcelona : _bBosch, _c1995-97. |
||
| 300 |
_a6 v. ; _c24 cm + _e1 índice (separata provisional de índices) |
||
| 505 | 8 | _aContiene: V. 1, 2, 3 : Fundamentos de la publicicad registral -- V. 4 , 5, 6 : Dinámica registral | |
| 650 | 0 | 4 |
_aDerecho inmobiliario registral- _zEspaña. _911715 |
| 700 | 1 |
_aRoca-Sastre i Muncunill, Lluís. _998013 |
|
| 852 |
_aES-MaACL _jL-19848-53 _bR.124809 |
||
| 999 |
_c11189 _d11189 |
||